Statistiques concernant Chansons les plus connues de Van Halen

Cliquez ici pour prendre le quiz!

Statistiques générales

  • Ce quiz a été pris 14 fois
  • Le résultat moyen est 3 sur 10

Statistiques - réponses

EcoutesRéponse% Correct
556 614 391Jump
100%
79 836 327Eruption
50%
237 792 722Panama
43%
120 703 580Hot for Teacher
36%
47 847 536Dance The Night Away
29%
103 087 874Ain't Talkin' 'Bout Love
21%
163 171 264Runnin' with the Devil
21%
89 252 905You Really Got Me
21%
67 602 104Can't Stop Lovin' You
7%
76 206 253Why Can't This Be Love
7%

Distribution des résultats

Percentile par nombre de réponses

% des personnes avec chaque résultat

Votre développement - résultats

Vous n’avez pas pris ce quiz